000 00293nam a22001337a 4500
008 170808b xxu||||| |||| 00| 0 eng d
020 _a9780619044183
041 _aeng
080 _25TH
_a004
100 _a35
101 _aSHK
245 _aCOMPUTER CONCEPTS
_cPARSONS,J.J
942 _2udc
_cBK
999 _c22903
_d22903